La Promoción económica en el desarrollo local /
Salvato in:
| Autore principale: | |
|---|---|
| Natura: | testo |
| Soggetti: | |
| Tags: |
Aggiungi Tag
Nessun Tag, puoi essere il primo ad aggiungerne!!
|
MARC
| LEADER | 00000 a a2200000 04500 | ||
|---|---|---|---|
| 001 | 17200 | ||
| 003 | |||
| 040 | |||
| 100 | |a Núñez González, Marco Antonio | ||
| 245 | |a La Promoción económica en el desarrollo local / |c Marco Antonio Núñez González | ||
| 650 | |a DESARROLLO REGIONAL | ||
| 650 | |a ECONOMICA REGIONAL | ||
| 650 | |a DESARROLLO ECONOMICO Y SOCIAL | ||
| 773 | |g volumen 9, número 2; páginas 453-468 | ||
| 999 | |c 23722 |d 23722 | ||
